<?xml version="1.0" encoding="UTF-8"?>
<collection xmlns="http://www.loc.gov/MARC21/slim">
  <record>
    <leader>00000nam  2200000   4500</leader>
    <controlfield tag="001">INLIS000000000010873</controlfield>
    <controlfield tag="005">20210608053001</controlfield>
    <datafield tag="035" ind1="#" ind2="#">
      <subfield code="a">0010-0621000094</subfield>
    </datafield>
    <datafield tag="245" ind1="1" ind2="#">
      <subfield code="a">PENINGKATKAN PENGAWASAN IBU HAMIL RISIKO TINGGI DI PUSKESMAS SUNGAI MERDEKA /</subfield>
      <subfield code="c">Sri Lestari, A.Md.Keb</subfield>
    </datafield>
    <datafield tag="100" ind1=" " ind2="#">
      <subfield code="a">LESTARI, Sri</subfield>
    </datafield>
    <datafield tag="250" ind1="#" ind2="#">
      <subfield code="a">1</subfield>
    </datafield>
    <datafield tag="300" ind1="#" ind2="#">
      <subfield code="a">vii, 48 halaman ; lampiranilu :</subfield>
      <subfield code="b">ilustrasi</subfield>
    </datafield>
    <datafield tag="260" ind1="#" ind2="#">
      <subfield code="a">Samarinda :</subfield>
      <subfield code="b">Puslatbang KDOD,</subfield>
      <subfield code="c">2020</subfield>
    </datafield>
    <datafield tag="084" ind1="#" ind2="#">
      <subfield code="a">LATSAR 528 2020</subfield>
    </datafield>
    <datafield tag="650" ind1="#" ind2="#">
      <subfield code="a">Pelatihan Dasar</subfield>
    </datafield>
    <datafield tag="650" ind1="#" ind2="#">
      <subfield code="a">Laporan Aktualisasi</subfield>
    </datafield>
    <datafield tag="650" ind1="#" ind2="#">
      <subfield code="a">inovasi kesehatan</subfield>
    </datafield>
    <datafield tag="650" ind1="#" ind2="#">
      <subfield code="a">layanan kesehatan</subfield>
    </datafield>
    <datafield tag="650" ind1="#" ind2="#">
      <subfield code="a">ibu hamil</subfield>
    </datafield>
    <datafield tag="520" ind1="#" ind2="#">
      <subfield code="a">Laporan Aktualisasi Pelatihan Dasar ini didasarkan pada peningkatan angka kematian ibu dan bayi bila kurangnya pengawasan ibu hamil risiko tinggi di puskesmas sungai merdeka,  sehingga dibuat empat kegiatan berdasarkan nilai ANEKA (Akuntabilitas, Nasionalisme, Etika public, Komitmen Mutu dan Anti korupsi), yaitu: Mengumpulkan data ibu hamil resiko tinggi yang tidak datang periksa ANC, melakukan monitoring dan konseling individu melalui media Whatsapp atau telfon untuk memantau kondisi, melakukan sosialisasi terkait risiko tinggi melalui group WA diwilayah kecamatan, dan melakukan kunjungan rumah kepada ibu hamil yang tidak bisa datang ke puskesmas. Kegiatan ini dilaksanakan dari tanggal 27 Juli 2020-25 September 2020.</subfield>
    </datafield>
    <datafield tag="520" ind1="#" ind2="#">
      <subfield code="a">Coach : Muhammad Harry Rahmadi, S.Pi., MM.&#13;
Penguji : Dr. EMY ROSANA SALEH, M.A.Tesol&#13;
Mentor : Dr. Eng. Lusi Ernawati, S.T., M.Sc.</subfield>
    </datafield>
    <datafield tag="990" ind1="#" ind2="#">
      <subfield code="a">LATSAR/528/2020</subfield>
    </datafield>
  </record>
</collection>
